Sports Quiz

Random Sports or Football Quiz

Cleveland Gladiators 2014 Opening Day Roster Quiz Stats

 Plays Quiz not verified by Sporcle

Score 0/24 Timer 06:00
0 Plays Today
Postition Player Name % Correct
QBShane Austin
100%
QBChris Dieker
57.1%
WRTom Gilson
42.9%
WRDominick Goodman
28.6%
WRCollin Taylor
28.6%
DLBrian Brikowski
28.6%
DLWillie McGinnis
28.6%
DBDominic Jones
28.6%
KAaron Pettrey
28.6%
WRTyrone Collins
14.3%
WR/LBThyron Lewis
14.3%
OLShannon Breen
14.3%
Postition Player Name % Correct
OLC.J. Cobb
14.3%
OLCorey Howard
14.3%
OL/DLKitt O'Brien
14.3%
OLChad Schofield
14.3%
DLLuke Black
14.3%
DLAnthony Degrate
14.3%
DLJacob Hardwick
14.3%
DLRobert Rose
14.3%
DBLaRoche Jackson
14.3%
DBMarrio Norman
14.3%
DB/WRJoe Phinisee
14.3%
DBTony Tatum
14.3%

You're not logged in!

Compare scores with friends on all Sporcle quizzes.
OR
Log In

Sporcle TV

Today on Sporcle TV


Watch our educational content, quiz creation guides, and fun videos on Sporcle TV.

Show Comments

Extras

Top Quizzes Today


Score Distribution

Your Account Isn't Verified!

In order to create a playlist on Sporcle, you need to verify the email address you used during registration. Go to your Sporcle Settings to finish the process.

Report this User

Report this user for behavior that violates our Community Guidelines.

Details: